Zgadnij kraj po 2 wskazówkach (2) (dla GeoMexa) - Statystyki

Ogólne statystyki
  • Ten quiz został rozwiązany 56 razy
  • Średni wynik to 8 z 15
Statystyki odpowiedzi
Podpowiedzi :) Państwo % Poprawnych
Skandynawia, Trondheim Norwegia
92%
Najpopularniejsze imię dla dziecka to Luna, Amazonka Brazylia
81%
Kraj wyspiarski, Filip Filipiny
81%
Szejki, graniczy z Katarem (podaj pełną nazwe) Zjednoczone Emiraty Arabskie
79%
Mao Zedong, Dużo osób Chiny
75%
Stolica z tą samą nazwą co sam kraj, Italia Watykan
75%
Hakimi, dostęp do wody Maroko
58%
Mała wyspa, 316km² Malta
56%
Jak polskie imię, małe państwo Kuba
46%
Ma dwie stolicez graniczy z 6 państwami Boliwia
42%
Katastrofa, 2 kolorowa flaga Ukraina
40%
Kartagina, Republika Tunezja
29%
Urzędowy język to Niderlandzki, te państwo uzyskało niepodległość w 1975r Surinam
27%
Waluta to Ugija, największy na świecie cmentarz statków Mauretania
6%
Około 33mln ludności, najpopularniejsze danie to Satay Malezja
4%
Nie znaleziono quizów pasujących do podanych kryteriów
Rozkład punktacji
Procent ludzi z każdym wynikiem
Percentyl według liczby udzielonych odpowiedzi
Twoja historia wyników
Nie rozwiązałeś tego quizu